|
|
|
|
| LEADER |
00839cam a2200229 7i4500 |
| 001 |
0000008326 |
| 005 |
20170218090000.0 |
| 008 |
090728 eng |
| 020 |
|
|
|a 9780715328002 (hbk.)
|
| 020 |
|
|
|a 071532800X
|
| 090 |
0 |
0 |
|a ND1505
|b .H63 2008
|
| 100 |
1 |
|
|a Hodge, Susie
|
| 245 |
1 |
4 |
|a The complete guide to painting pictures from photos
|c Susie Hodge.
|
| 246 |
3 |
|
|a Painting pictures from photos.
|
| 260 |
|
|
|a Newton Abbot:
|b David & Charles,
|c 2008.
|
| 300 |
|
|
|a 128 p.:
|b col. ill.;
|c 28 cm.
|
| 500 |
|
|
|a Includes index
|
| 650 |
0 |
0 |
|a Painting from photographs --
|x Technique
|
| 650 |
0 |
0 |
|a Drawing from photographs --
|x Technique
|
| 650 |
0 |
0 |
|a Painting --
|x Technique
|
| 997 |
|
|
|a Communication, Visual Art & Computing, Faculty
|b Visual Art, Department
|
| 999 |
|
|
|a 0000036683
|b BOK
|c OPEN SHELF
|e 1st Floor, Bestari Jaya
|